[Event "SVK-chT1W 1819"]
[Site "Slovakia"]
[Date "2019.02.02"]
[Round "7.3"]
[White "Jakubek, Peter"]
[Black "Martiska, Peter"]
[Result "0-1"]
[WhiteElo "2138"]
[BlackElo "2218"]
[PlyCount "66"]
[EventDate "2018.10.27"]
[EventType "team-tourn"]
[EventRounds "11"]
[EventCountry "SVK"]
[SourceTitle "CBM 188 Extra"]
[Source "ChessBase"]
[SourceDate "2019.02.26"]
[SourceVersion "1"]
[SourceVersionDate "2019.02.26"]
[SourceQuality "1"]
[WhiteTeam "Dubnica nad Vahom II"]
[BlackTeam "Nitra ASK"]
[WhiteTeamCountry "SVK"]
[BlackTeamCountry "SVK"]

1. d4 Nf6 2. Bg5 d5 3. Bxf6 exf6 4. e3 c6 5. c4 dxc4 6. Bxc4 Bd6 7. Nc3 0-0 8. Qf3 a5 9. Nge2 Na6 10. 0-0 Nc7 11. e4 a4 12. a3 Ra5 13. d5 cxd5 14. exd5 f5 15. Rfe1 Qh4 16. Bd3 Qxh2+ 17. Kf1 g6 18. g3 Bd7 19. Bc4 Re8 20. Nd4 Qh6 21. Rxe8+ Bxe8 22. Rd1 Bd7 23. Nc6 Rc5 24. Ba2 bxc6 25. Nxa4 Rc1 26. Nb6 Be8 27. Kg2 Rxd1 28. Qxd1 cxd5 29. Nxd5 Nxd5 30. Qxd5 Qf8 31. a4 Bxa4 32. Bc4 Bd7 33. Qb7 Qc8 0-1

[Event "SVK-chT1W 1718"]
[Site "Slovakia"]
[Date "2018.03.10"]
[Round "10.2"]
[White "Martiska, Peter"]
[Black "Nagy, Tomas"]
[Result "1/2-1/2"]
[WhiteElo "2236"]
[BlackElo "2250"]
[PlyCount "40"]
[EventDate "2017.10.21"]
[EventType "team-tourn"]
[EventRounds "11"]
[EventCountry "SVK"]
[SourceTitle "EXT 2019"]
[Source "ChessBase"]
[SourceDate "2018.10.10"]
[SourceVersion "1"]
[SourceVersionDate "2018.10.10"]
[SourceQuality "1"]
[WhiteTeam "Nitra ASK"]
[BlackTeam "Trnava Sered"]
[WhiteTeamCountry "SVK"]
[BlackTeamCountry "SVK"]

1. d4 c5 2. c3 d5 3. Nf3 e6 4. Bf4 Nc6 5. e3 Bd6 6. Bxd6 Qxd6 7. Nbd2 Nf6 8. Be2 0-0 9. 0-0 e5 10. dxe5 Nxe5 11. Nxe5 Qxe5 12. Nf3 Qc7 13. a3 b6 14. Qc2 Bb7 15. Rfd1 Rfe8 16. Rac1 Rad8 17. b4 h6 18. h3 Bc6 19. b5 Bb7 20. c4 Qe7 1/2-1/2

[Event "SVK-chT1W 1718"]
[Site "Slovakia"]
[Date "2017.12.03"]
[Round "6.2"]
[White "Molnar, Erno"]
[Black "Martiska, Peter"]
[Result "1/2-1/2"]
[WhiteElo "2209"]
[BlackElo "2238"]
[PlyCount "36"]
[EventDate "2017.10.21"]
[EventType "team-tourn"]
[EventRounds "11"]
[EventCountry "SVK"]
[SourceTitle "EXT 2019"]
[Source "ChessBase"]
[SourceDate "2018.10.10"]
[SourceVersion "1"]
[SourceVersionDate "2018.10.10"]
[SourceQuality "1"]
[WhiteTeam "Komarno KSC"]
[BlackTeam "Nitra ASK"]
[WhiteTeamCountry "SVK"]
[BlackTeamCountry "SVK"]

1. e4 c6 2. d4 d5 3. Nc3 dxe4 4. Nxe4 Nf6 5. Nxf6+ exf6 6. Bc4 Qe7+ 7. Qe2 Bg4 8. Qxe7+ Bxe7 9. Ne2 Bd6 10. Nf4 0-0 11. 0-0 Re8 12. Be3 g5 13. Nd3 Nd7 14. Rfe1 h6 15. Bd2 Be2 16. Be3 Bg4 17. Bd2 Be2 18. Be3 Bg4 1/2-1/2

[Event "SVK-chT1W 1617"]
[Site "Slovakia"]
[Date "2016.11.20"]
[Round "4.3"]
[White "Martiska, Peter"]
[Black "Bango, Lukas"]
[Result "1-0"]
[WhiteElo "2243"]
[BlackElo "2093"]
[PlyCount "95"]
[EventDate "2016.10.15"]
[EventType "team-tourn"]
[EventRounds "11"]
[EventCountry "SVK"]
[SourceTitle "EXT 2018"]
[Source "ChessBase"]
[SourceDate "2017.10.13"]
[SourceVersion "1"]
[SourceVersionDate "2017.10.13"]
[SourceQuality "1"]
[WhiteTeam "Nitra ASK"]
[BlackTeam "Trnava Lokomotiva"]
[WhiteTeamCountry "SVK"]
[BlackTeamCountry "SVK"]

1. d4 Nf6 2. Nf3 e6 3. Bg5 h6 4. Bh4 b6 5. e3 Bb7 6. Be2 Be7 7. 0-0 0-0 8. c4 Ne4 9. Bxe7 Qxe7 10. Nbd2 d6 11. Nxe4 Bxe4 12. Rc1 Nd7 13. Qa4 Bb7 14. Nd2 e5 15. Bf3 Bxf3 16. Nxf3 e4 17. Nd2 f5 18. Qc6 Nf6 19. Rfe1 Rae8 20. c5 dxc5 21. dxc5 Ng4 22. Re2 Ne5 23. Qd5+ Kh8 24. cxb6 cxb6 25. Nf1 Rd8 26. Qb5 Nd3 27. Ra1 Rc8 28. h3 Rc5 29. Qa4 h5 30. Rc2 Rfc8 31. Rxc5 Rxc5 32. b4 Rd5 33. a3 h4 34. Qc6 Qe5 35. Rb1 Kh7 36. Qc8 Rd6 37. Rd1 Rg6 38. Qd8 Rf6 39. Rd2 f4 40. exf4 Nxf4 41. Ne3 Qa1+ 42. Kh2 Ne6 43. Qd5 Qe1 44. Ng4 Rf4 45. Rc2 Nf8 46. Rc7 Qa1 47. Qg5 Ne6 48. Qh6+ 1-0

[Event "SVK-chT1W 1516"]
[Site "Slovakia"]
[Date "2016.03.20"]
[Round "11.2"]
[White "Balogh, Tomas"]
[Black "Martiska, Peter"]
[Result "1/2-1/2"]
[WhiteElo "2344"]
[BlackElo "2245"]
[PlyCount "45"]
[EventDate "2015.10.24"]
[EventType "team-tourn"]
[EventRounds "11"]
[EventCountry "SVK"]
[SourceTitle "EXT 2017"]
[Source "ChessBase"]
[SourceDate "2016.10.25"]
[SourceVersion "1"]
[SourceVersionDate "2016.10.25"]
[SourceQuality "1"]
[WhiteTeam "Bratislava Lokomotiva"]
[BlackTeam "Nitra Trogar"]
[WhiteTeamCountry "SVK"]
[BlackTeamCountry "SVK"]

1. d4 Nf6 2. Nf3 e6 3. e3 b6 4. b3 Bb7 5. Bb2 Be7 6. Nbd2 d6 7. Bd3 c5 8. 0-0 0-0 9. c4 Nbd7 10. Rc1 Rc8 11. Qe2 Re8 12. Ng5 Qc7 13. f4 cxd4 14. exd4 Bf8 15. Nde4 h6 16. Nxf6+ Nxf6 17. Ne4 Nxe4 18. Bxe4 Qd7 19. Bxb7 Qxb7 20. Qd3 d5 21. f5 Rcd8 22. fxe6 Rxe6 23. Rf2 1/2-1/2

[Event "SVK-chT1W 1516"]
[Site "Slovakia"]
[Date "2016.03.19"]
[Round "10.3"]
[White "Dudas, Jan"]
[Black "Martiska, Peter"]
[Result "1/2-1/2"]
[WhiteElo "2205"]
[BlackElo "2245"]
[PlyCount "50"]
[EventDate "2015.10.24"]
[EventType "team-tourn"]
[EventRounds "11"]
[EventCountry "SVK"]
[SourceTitle "EXT 2017"]
[Source "ChessBase"]
[SourceDate "2016.10.25"]
[SourceVersion "1"]
[SourceVersionDate "2016.10.25"]
[SourceQuality "1"]
[WhiteTeam "Bratislava Doprastav"]
[BlackTeam "Nitra Trogar"]
[WhiteTeamCountry "SVK"]
[BlackTeamCountry "SVK"]

1. d4 Nf6 2. Nf3 e6 3. Bf4 b6 4. e3 Bb7 5. h3 Be7 6. Bd3 0-0 7. Nbd2 c5 8. c3 Ba6 9. Bxa6 Nxa6 10. 0-0 Nb8 11. Qe2 Nc6 12. Rad1 cxd4 13. exd4 d6 14. Rfe1 Qd7 15. Bg5 Rac8 16. Bxf6 Bxf6 17. Ne4 d5 18. Nxf6+ gxf6 19. Nh2 Kh8 20. Qh5 Rg8 21. Ng4 Rg6 22. Qh4 Qd8 23. f4 f5 24. Qxd8+ Rxd8 25. Ne5 Nxe5 1/2-1/2

[Event "SVK-chT1W 1516"]
[Site "Slovakia"]
[Date "2016.02.21"]
[Round "9.2"]
[White "Martiska, Peter"]
[Black "Liptak, Tomas"]
[Result "1/2-1/2"]
[WhiteElo "2245"]
[BlackElo "2242"]
[PlyCount "56"]
[EventDate "2015.10.24"]
[EventType "team-tourn"]
[EventRounds "11"]
[EventCountry "SVK"]
[SourceTitle "EXT 2017"]
[Source "ChessBase"]
[SourceDate "2016.10.25"]
[SourceVersion "1"]
[SourceVersionDate "2016.10.25"]
[SourceQuality "1"]
[WhiteTeam "Nitra Trogar"]
[BlackTeam "Trnava Lokomotiva"]
[WhiteTeamCountry "SVK"]
[BlackTeamCountry "SVK"]

1. e4 c5 2. Nf3 d6 3. d4 cxd4 4. Nxd4 Nf6 5. Nc3 a6 6. f3 e5 7. Nb3 Be6 8. Be3 h5 9. Qd2 Nbd7 10. 0-0-0 Rc8 11. Nd5 Bxd5 12. exd5 Nb6 13. Bxb6 Qxb6 14. Kb1 g6 15. Qa5 Qc7 16. Qxc7 Rxc7 17. c4 Bh6 18. Bd3 Nd7 19. Rhe1 h4 20. h3 Kf8 21. Na5 Kg7 22. b4 Rb8 23. a3 Bg5 24. Kb2 Rcc8 25. Ka2 f5 26. Re2 Bd8 27. Nb3 Bb6 28. Rc2 Rc7 1/2-1/2

[Event "SVK-chT1W 1516"]
[Site "Slovakia"]
[Date "2015.12.13"]
[Round "6.1"]
[White "Martiska, Peter"]
[Black "Janko, Michal"]
[Result "1/2-1/2"]
[WhiteElo "2245"]
[BlackElo "2258"]
[PlyCount "40"]
[EventDate "2015.10.24"]
[EventType "team-tourn"]
[EventRounds "11"]
[EventCountry "SVK"]
[SourceTitle "CBM 170 Extra"]
[Source "ChessBase"]
[SourceDate "2016.02.25"]
[SourceVersion "1"]
[SourceVersionDate "2016.02.25"]
[SourceQuality "1"]
[WhiteTeam "Nitra Trogar"]
[BlackTeam "Gabcikovo"]
[WhiteTeamCountry "SVK"]
[BlackTeamCountry "SVK"]

1. e4 Nf6 2. e5 Nd5 3. d4 d6 4. Nf3 Bg4 5. Be2 e6 6. 0-0 Be7 7. exd6 cxd6 8. c4 Nb6 9. Nbd2 0-0 10. b3 Nc6 11. Bb2 d5 12. c5 Nc8 13. Bc3 Bf6 14. b4 Re8 15. b5 N6e7 16. h3 Bxf3 17. Nxf3 Ng6 18. Re1 b6 19. Qb3 Qc7 20. Rac1 Nce7 1/2-1/2

[Event "SVK-chT2B 1415"]
[Site "Slovakia"]
[Date "2015.03.07"]
[Round "10.2"]
[White "Martiska, Peter"]
[Black "Hudoba, Ondrej"]
[Result "1/2-1/2"]
[WhiteElo "2230"]
[BlackElo "2187"]
[PlyCount "81"]
[EventDate "2014.10.11"]
[EventType "team-tourn"]
[EventRounds "11"]
[EventCountry "SVK"]
[SourceTitle "EXT 2019"]
[Source "ChessBase"]
[SourceDate "2018.10.10"]
[SourceVersion "1"]
[SourceVersionDate "2018.10.10"]
[SourceQuality "1"]
[WhiteTeam "Nitra ASK"]
[BlackTeam "Levice"]
[WhiteTeamCountry "SVK"]
[BlackTeamCountry "SVK"]

1. e4 e5 2. Nf3 Nc6 3. Bb5 a6 4. Ba4 Nf6 5. d3 b5 6. Bb3 Be7 7. 0-0 d6 8. c3 0-0 9. Nbd2 Na5 10. Bc2 c5 11. Re1 Qc7 12. Nf1 Rd8 13. Ng3 g6 14. h3 Bb7 15. Bg5 Ne8 16. Bxe7 Qxe7 17. d4 cxd4 18. cxd4 Nc4 19. b3 Nb6 20. d5 a5 21. Bd3 Nc7 22. Qd2 Nd7 23. Rec1 Nc5 24. Bf1 b4 25. Qb2 f6 26. Qd2 Ba6 27. Bxa6 Rxa6 28. Qe2 Qd7 29. Nd2 Nb5 30. Qf3 Rf8 31. Qe3 Rfa8 32. Ne2 a4 33. Rab1 axb3 34. axb3 Ra2 35. Nc4 Qa7 36. Ng3 Na3 37. Nxa3 Rxa3 38. Nf1 Ra2 39. Nd2 f5 40. exf5 gxf5 41. Qg5+ 1/2-1/2

[Event "SVK-chT2B 1415"]
[Site "Slovakia"]
[Date "2015.02.15"]
[Round "9.3"]
[White "Horvath, Mario"]
[Black "Martiska, Peter"]
[Result "0-1"]
[WhiteElo "2264"]
[BlackElo "2230"]
[PlyCount "80"]
[EventDate "2014.10.11"]
[EventType "team-tourn"]
[EventRounds "11"]
[EventCountry "SVK"]
[SourceTitle "EXT 2019"]
[Source "ChessBase"]
[SourceDate "2018.10.10"]
[SourceVersion "1"]
[SourceVersionDate "2018.10.10"]
[SourceQuality "1"]
[WhiteTeam "Podhajska Termal"]
[BlackTeam "Nitra ASK"]
[WhiteTeamCountry "SVK"]
[BlackTeamCountry "SVK"]

1. d4 Nf6 2. c4 e6 3. Nf3 b6 4. e3 Bb7 5. Bd3 d6 6. 0-0 Nbd7 7. Nc3 Be7 8. e4 e5 9. d5 0-0 10. Ne1 c6 11. Be3 cxd5 12. exd5 Rc8 13. b3 a6 14. Rc1 Re8 15. f4 exf4 16. Bxf4 b5 17. cxb5 axb5 18. b4 g6 19. Be2 Bf8 20. Nf3 Rxc3 21. Rxc3 Nxd5 22. Bd2 Qb6+ 23. Kh1 Nxc3 24. Bxc3 Bg7 25. Bxg7 Kxg7 26. Qd4+ Qxd4 27. Nxd4 Re4 28. Rd1 Ne5 29. Bxb5 Ng4 30. Kg1 Ne3 31. Rd2 Nxg2 32. Bc6 Bxc6 33. Nxc6 Nh4 34. Kf2 Nf5 35. b5 Rc4 36. a4 d5 37. Rxd5 Rxa4 38. Rd2 Rc4 39. Rb2 Nd6 40. Nd8 Rc8 0-1

[Event "SVK-chT2B 1415"]
[Site "Slovakia"]
[Date "2014.12.07"]
[Round "6.6"]
[White "Martiska, Peter"]
[Black "Kovac, Lubomir2222"]
[Result "1-0"]
[WhiteElo "2230"]
[BlackElo "2127"]
[PlyCount "103"]
[EventDate "2014.10.11"]
[EventType "team-tourn"]
[EventRounds "11"]
[EventCountry "SVK"]
[SourceTitle "EXT 2019"]
[Source "ChessBase"]
[SourceDate "2018.10.10"]
[SourceVersion "1"]
[SourceVersionDate "2018.10.10"]
[SourceQuality "1"]
[WhiteTeam "Nitra ASK"]
[BlackTeam "Sala Slovan Duslo"]
[WhiteTeamCountry "SVK"]
[BlackTeamCountry "SVK"]

1. e4 c6 2. d4 d5 3. Nc3 dxe4 4. Nxe4 Bf5 5. Ng3 Bg6 6. Nf3 Nd7 7. h4 h6 8. h5 Bh7 9. Bd3 Bxd3 10. Qxd3 Qc7 11. Rh4 e6 12. Bf4 Bd6 13. Bxd6 Qxd6 14. Ne4 Qe7 15. Qa3 Qxa3 16. bxa3 Ke7 17. Nc5 Rb8 18. Rb1 Nb6 19. a4 Nf6 20. a5 Nc4 21. Rxb7+ Rxb7 22. Nxb7 Rc8 23. Ne5 Na3 24. Kd2 Rc7 25. Nc5 Nb5 26. c4 Nd6 27. Kd3 Rc8 28. Rh1 Nfe8 29. Re1 Nf6 30. g4 Nh7 31. f4 Nf8 32. a6 Ne8 33. Rb1 Rc7 34. Rb7 Kd8 35. Nxf7+ Kc8 36. Ne5 Nd6 37. Rb1 Ne8 38. a4 Nf6 39. Re1 Kb8 40. Rh1 Ne8 41. Rh2 Nd6 42. Rg2 Kc8 43. Ne4 Nxe4 44. Kxe4 Nh7 45. g5 Kd8 46. c5 Ke8 47. Nf3 Rd7 48. Rb2 hxg5 49. fxg5 Rd5 50. Rb8+ Ke7 51. Rb7+ Kf8 52. Rxa7 1-0

[Event "SVK-chT2B 1314"]
[Site "Slovakia"]
[Date "2014.02.01"]
[Round "7.3"]
[White "Pinter, Erik"]
[Black "Martiska, Peter"]
[Result "1/2-1/2"]
[WhiteElo "2358"]
[BlackElo "2267"]
[PlyCount "103"]
[EventDate "2013.10.19"]
[EventType "team-tourn"]
[EventRounds "11"]
[EventCountry "SVK"]
[SourceTitle "EXT 2015"]
[Source "ChessBase"]
[SourceDate "2014.11.20"]
[SourceVersion "1"]
[SourceVersionDate "2014.11.20"]
[SourceQuality "1"]
[WhiteTeam "Topolcianky"]
[BlackTeam "Nitra ASK"]
[WhiteTeamCountry "SVK"]
[BlackTeamCountry "SVK"]

1. e4 c6 2. d4 d5 3. Nc3 dxe4 4. Nxe4 Nf6 5. Nxf6+ exf6 6. c3 Bd6 7. Bd3 0-0 8. Qc2 h6 9. Be3 Re8 10. Ne2 Nd7 11. 0-0 Nf8 12. Ng3 Qc7 13. Kh1 Bg4 14. Rae1 Rad8 15. a3 Re7 16. Ne4 Bxh2 17. g3 Bf3+ 18. Kxh2 Rd5 19. Nxf6+ gxf6 20. Bf5 Re4 21. Qxe4 Bxe4 22. Bxe4 Rh5+ 23. Kg2 Qd7 24. Rh1 Rxh1 25. Rxh1 Ne6 26. Bxh6 Ng5 27. Bxg5 fxg5 28. Re1 Kg7 29. Re3 Qe6 30. Bf3 Qb3 31. Re2 Kf6 32. g4 Kg7 33. d5 cxd5 34. Rd2 b6 35. Bxd5 Qa4 36. Bf3 Kf8 37. Re2 Qb3 38. Rd2 Qa4 39. Re2 Qb3 40. Kg3 Qb5 41. Rd2 Qa4 42. Kg2 Ke7 43. Bd1 Qe4+ 44. f3 Qb1 45. Kf2 Qh7 46. Ke3 Qb1 47. c4 Qc1 48. Kd3 Kf6 49. Be2 Ke5 50. Rc2 Qg1 51. Rd2 Qc1 52. Bd1 1/2-1/2

[Event "SVK-chT2B 1314"]
[Site "Slovakia"]
[Date "2013.11.24"]
[Round "4.2"]
[White "Kaniansky, Miroslav"]
[Black "Martiska, Peter"]
[Result "0-1"]
[WhiteElo "2203"]
[BlackElo "2267"]
[PlyCount "104"]
[EventDate "2013.10.19"]
[EventType "team-tourn"]
[EventRounds "11"]
[EventCountry "SVK"]
[SourceTitle "EXT 2015"]
[Source "ChessBase"]
[SourceDate "2014.11.20"]
[SourceVersion "1"]
[SourceVersionDate "2014.11.20"]
[SourceQuality "1"]
[WhiteTeam "Prievidza II"]
[BlackTeam "Nitra ASK"]
[WhiteTeamCountry "SVK"]
[BlackTeamCountry "SVK"]

1. d4 Nf6 2. Nf3 e6 3. Bf4 Be7 4. Nbd2 0-0 5. e4 c5 6. c3 cxd4 7. cxd4 b6 8. Bd3 Ba6 9. Qe2 Bxd3 10. Qxd3 d5 11. e5 Nfd7 12. Rc1 a6 13. a4 Ra7 14. 0-0 Rc7 15. Nb3 h6 16. Rxc7 Qxc7 17. Rc1 Qb7 18. Qc3 a5 19. Qc7 Qa6 20. Qc2 Rd8 21. Ne1 Qa8 22. Nd3 Na6 23. Qc6 Qa7 24. Bd2 Qa8 25. f4 Qxc6 26. Rxc6 Re8 27. Kf2 Bd8 28. Nbc1 Ndb8 29. Rc2 Be7 30. Ne2 Kf8 31. g4 Rd8 32. f5 Ke8 33. Nef4 Kd7 34. fxe6+ fxe6 35. Ng6 Re8 36. h4 Nc6 37. Ke3 Nab4 38. Nxb4 axb4 39. Be1 b3 40. Rf2 Ra8 41. Rf7 Rxa4 42. Nxe7 Nxe7 43. Rxg7 Ke8 44. Rh7 Nc6 45. Bc3 Rc4 46. Rxh6 Rxc3+ 47. bxc3 b2 48. Rxe6+ Kd7 49. Rd6+ Kc7 50. Rxd5 b1Q 51. h5 Qc1+ 52. Kd3 Qd1+ 0-1

[Event "SVK-chT2B 1314"]
[Site "Slovakia"]
[Date "2013.10.20"]
[Round "2.1"]
[White "Martiska, Peter"]
[Black "Szegi, Tamas"]
[Result "1/2-1/2"]
[WhiteElo "2267"]
[BlackElo "2233"]
[PlyCount "88"]
[EventDate "2013.10.19"]
[EventType "team-tourn"]
[EventRounds "11"]
[EventCountry "SVK"]
[SourceTitle "EXT 2015"]
[Source "ChessBase"]
[SourceDate "2014.11.20"]
[SourceVersion "1"]
[SourceVersionDate "2014.11.20"]
[SourceQuality "1"]
[WhiteTeam "Nitra ASK"]
[BlackTeam "Batorove Kosihy"]
[WhiteTeamCountry "SVK"]
[BlackTeamCountry "SVK"]

1. d4 Nf6 2. c4 c5 3. d5 b5 4. cxb5 a6 5. b6 d6 6. Nc3 Nbd7 7. Nf3 g6 8. e4 Bg7 9. a4 Qxb6 10. a5 Qc7 11. Be2 0-0 12. 0-0 Bb7 13. Nd2 e6 14. Nc4 exd5 15. exd5 Ne5 16. Nb6 Rae8 17. Bg5 Ned7 18. Nc4 Ne4 19. Nxe4 Rxe4 20. Bd3 Rd4 21. Be7 Re8 22. Bxd6 Qd8 23. Bg3 Bxd5 24. Qc2 Ne5 25. Nxe5 Bxe5 26. Rfd1 Bg7 27. Bf1 Be4 28. Rxd4 Qxd4 29. Qa4 Qxa4 30. Rxa4 Bxb2 31. Ra2 Bc3 32. h4 Bb1 33. Re2 Rd8 34. f3 Rd1 35. Re8+ Kg7 36. Kf2 Bd4+ 37. Ke2 Rc1 38. Be5+ f6 39. Bxd4 cxd4 40. Kf2 d3 41. Rd8 Rc5 42. Bxd3 Bxd3 43. Rxd3 Rxa5 44. Rd7+ Kg8 1/2-1/2

[Event "SVK-chT 1213"]
[Site "Slovakia"]
[Date "2013.02.10"]
[Round "8.1"]
[White "Federic, Jozef"]
[Black "Martiska, Peter"]
[Result "0-1"]
[WhiteElo "2299"]
[BlackElo "2282"]
[PlyCount "184"]
[EventDate "2012.10.27"]
[EventType "team-tourn"]
[EventRounds "11"]
[EventCountry "SVK"]
[SourceTitle "EXT 2014"]
[Source "ChessBase"]
[SourceDate "2013.11.20"]
[SourceVersion "1"]
[SourceVersionDate "2013.11.20"]
[SourceQuality "1"]
[WhiteTeam "Modra"]
[BlackTeam "Nitra"]
[WhiteTeamCountry "SVK"]
[BlackTeamCountry "SVK"]

1. d4 Nf6 2. c4 e6 3. g3 Be7 4. Bg2 0-0 5. e4 d6 6. Ne2 e5 7. 0-0 Nbd7 8. Nbc3 c6 9. Rb1 a5 10. a3 Re8 11. h3 Bf8 12. d5 cxd5 13. cxd5 Nc5 14. b4 axb4 15. axb4 Na6 16. Be3 Bd7 17. Qd3 h6 18. Nb5 Nh7 19. Rfc1 Rc8 20. Nec3 Qf6 21. Na7 Rb8 22. Ncb5 Ng5 23. Kh2 Nf3+ 24. Kh1 Ng5 25. h4 Nf3 26. Bb6 Nd4 27. Nxd4 exd4 28. Bxd4 Qg6 29. Re1 f5 30. Rbd1 Nxb4 31. Qb1 Na6 32. e5 dxe5 33. Bxe5 Rxe5 34. Rxe5 Bc5 35. Qa2 Qd6 36. Rde1 Bxa7 37. R5e2 Bc5 38. Bf1 Nb4 39. Qb3 Kh8 40. Bg2 Rf8 41. Qc3 Rf7 42. Ra1 Kh7 43. Ra5 b6 44. Ra7 Re7 45. Rxe7 Qxe7 46. Bh3 Nxd5 47. Qd2 Qe6 48. Kh2 Nf6 49. Qd3 g6 50. f3 h5 51. Bf1 b5 52. Rb7 Qc6 53. Qxb5 Qd6 54. Qb2 Bd4 55. Qa2 Kh6 56. Qd2+ Kg7 57. Kg2 Qc6 58. Rb1 Qc3 59. Qxc3 Bxc3 60. Rb7 Kf8 61. Bb5 Ke7 62. Bxd7 Nxd7 63. g4 Bf6 64. gxf5 gxf5 65. Kg3 Be5+ 66. Kg2 Ke6 67. Ra7 Bd4 68. Ra8 Nf6 69. Ra6+ Ke5 70. Kf1 Nd5 71. Ra5 Bb6 72. Ra4 Bd8 73. Kg2 Be7 74. Kg3 Bb4 75. Kf2 Kf4 76. Kg2 Ke3 77. Ra8 Nf4+ 78. Kf1 Kxf3 79. Rg8 Be7 80. Rg7 Bxh4 81. Rf7 Kg4 82. Rg7+ Bg5 83. Kg1 h4 84. Kh1 Nh5 85. Rg8 f4 86. Kg2 Nf6 87. Rg7 Ne4 88. Rg8 f3+ 89. Kg1 Kg3 90. Rf8 h3 91. Rxf3+ Kxf3 92. Kh2 Kg4 0-1

[Event "SVK-chT1W 1112"]
[Site "Slovakia"]
[Date "2011.12.11"]
[Round "6.4"]
[White "Janko, Zoltan"]
[Black "Martiska, Peter"]
[Result "1-0"]
[WhiteElo "2287"]
[BlackElo "2281"]
[PlyCount "67"]
[EventDate "2011.10.15"]
[EventType "team-tourn"]
[EventRounds "11"]
[EventCountry "SVK"]
[SourceTitle "EXT 2013"]
[Source "ChessBase"]
[SourceDate "2012.11.22"]
[SourceVersion "1"]
[SourceVersionDate "2012.11.22"]
[SourceQuality "1"]
[WhiteTeam "Komarno"]
[BlackTeam "Nitra"]
[WhiteTeamCountry "SVK"]
[BlackTeamCountry "SVK"]

1. e4 c6 2. d4 d5 3. exd5 cxd5 4. Nf3 Nc6 5. c4 e6 6. Nc3 Nf6 7. c5 Bd7 8. Bb5 Be7 9. 0-0 0-0 10. Bxc6 Bxc6 11. Ne5 Nd7 12. f4 Nxe5 13. fxe5 f5 14. b4 a6 15. a4 b6 16. Be3 bxc5 17. dxc5 f4 18. Bd4 Qe8 19. Qd3 Qb8 20. b5 Be8 21. c6 Qc7 22. Rfc1 Bg6 23. Qf3 Bb4 24. Nxd5 exd5 25. Qxd5+ Kh8 26. b6 Qe7 27. Bc5 Bxc5+ 28. Qxc5 Qg5 29. b7 Be4 30. Ra2 Rae8 31. Re1 Qg6 32. e6 Qxe6 33. Rae2 Rf5 34. Rxe4 1-0

[Event "SVK-chT1W 1011"]
[Site "Slovakia"]
[Date "2011.02.13"]
[Round "7.2"]
[White "Balogh, Peter"]
[Black "Martiska, Peter"]
[Result "1/2-1/2"]
[WhiteElo "2281"]
[BlackElo "2249"]
[PlyCount "52"]
[EventDate "2010.11.06"]
[EventType "team-tourn"]
[EventRounds "11"]
[EventCountry "SVK"]
[SourceTitle "EXT 2012"]
[Source "ChessBase"]
[SourceDate "2011.11.24"]
[SourceVersion "1"]
[SourceVersionDate "2011.11.24"]
[SourceQuality "1"]
[WhiteTeam "Nove Zamky"]
[BlackTeam "Nitra"]
[WhiteTeamCountry "SVK"]
[BlackTeamCountry "SVK"]

1. d4 Nf6 2. c4 e6 3. Nf3 b6 4. g3 Bb7 5. Bg2 Be7 6. 0-0 d6 7. Nc3 Nbd7 8. Qc2 c5 9. e4 cxd4 10. Nxd4 Qc7 11. b3 a6 12. Bb2 Rc8 13. Rac1 h5 14. Rfe1 0-0 15. Qe2 Rfe8 16. Rc2 Bf8 17. Bc1 g6 18. Bg5 Bg7 19. Qd2 Qb8 20. Rcc1 Qa8 21. f3 d5 22. exd5 exd5 23. cxd5 Bxd5 24. Nxd5 Qxd5 25. Rxe8+ Rxe8 26. Rd1 Nc5 1/2-1/2

[Event "SVK-chT1W 1011"]
[Site "Slovakia"]
[Date "2011.02.12"]
[Round "6.3"]
[White "Berek, Geza"]
[Black "Martiska, Peter"]
[Result "1/2-1/2"]
[WhiteElo "2216"]
[BlackElo "2249"]
[PlyCount "53"]
[EventDate "2010.11.06"]
[EventType "team-tourn"]
[EventRounds "11"]
[EventCountry "SVK"]
[SourceTitle "EXT 2012"]
[Source "ChessBase"]
[SourceDate "2011.11.24"]
[SourceVersion "1"]
[SourceVersionDate "2011.11.24"]
[SourceQuality "1"]
[WhiteTeam "Tlmace"]
[BlackTeam "Nitra"]
[WhiteTeamCountry "SVK"]
[BlackTeamCountry "SVK"]

1. e4 c6 2. d4 d5 3. exd5 cxd5 4. Bd3 Nc6 5. c3 g6 6. Nf3 Bg7 7. 0-0 Nh6 8. Re1 0-0 9. h3 f6 10. c4 e6 11. cxd5 exd5 12. Nc3 Nf5 13. Bxf5 Bxf5 14. Qb3 Qb6 15. Qxb6 axb6 16. Nxd5 Rad8 17. Ne7+ Nxe7 18. Rxe7 Rf7 19. Rxf7 Kxf7 20. Bf4 g5 21. Bc7 Rd5 22. b3 b5 23. Rc1 Bf8 24. Bb6 Rd7 25. Ne1 Ba3 26. Rd1 Bb4 27. Nd3 1/2-1/2

[Event "SVK-chT1W 1011"]
[Site "Slovakia"]
[Date "2010.12.11"]
[Round "3.4"]
[White "Martiska, Peter"]
[Black "Gasa, Andrej"]
[Result "1/2-1/2"]
[WhiteElo "2249"]
[BlackElo "2256"]
[PlyCount "78"]
[EventDate "2010.11.06"]
[EventType "team-tourn"]
[EventRounds "11"]
[EventCountry "SVK"]
[SourceTitle "EXT 2012"]
[Source "ChessBase"]
[SourceDate "2011.11.24"]
[SourceVersion "1"]
[SourceVersionDate "2011.11.24"]
[SourceQuality "1"]
[WhiteTeam "Nitra"]
[BlackTeam "Osuske"]
[WhiteTeamCountry "SVK"]
[BlackTeamCountry "SVK"]

1. d4 d5 2. c4 c6 3. Nf3 Nf6 4. Nc3 dxc4 5. a4 Bf5 6. e3 e6 7. Bxc4 Bb4 8. 0-0 0-0 9. Qe2 Bg4 10. Rd1 Qa5 11. Bd2 Qh5 12. h3 Bxf3 13. Qxf3 Qxf3 14. gxf3 Nbd7 15. Ne4 Bxd2 16. Rxd2 Nxe4 17. fxe4 Nb6 18. Bb3 a5 19. Rc1 Rfd8 20. Kg2 Kf8 21. f4 Ke7 22. Kf3 g6 23. Rg2 Nd7 24. h4 Ra6 25. Rc3 Rb6 26. h5 Nf6 27. hxg6 hxg6 28. Rh2 Rb4 29. Bd1 Nd7 30. b3 e5 31. fxe5 Nxe5+ 32. Kf4 Nd7 33. Bf3 Rg8 34. e5 Nf8 35. Bg4 Ne6+ 36. Bxe6 Kxe6 37. Ke4 Rd8 38. Rh1 Ke7 39. Rh2 Ke6 1/2-1/2

[Event "SVK-chT 0910"]
[Site "Slovakia"]
[Date "2010.03.13"]
[Round "10"]
[White "Kantorik, Marian"]
[Black "Martiska, Peter"]
[Result "1-0"]
[WhiteElo "2364"]
[BlackElo "2244"]
[PlyCount "73"]
[EventDate "2009.10.24"]
[EventType "team-tourn"]
[EventRounds "11"]
[EventCountry "SVK"]
[SourceTitle "EXT 2019"]
[Source "ChessBase"]
[SourceDate "2018.10.10"]
[SourceVersion "1"]
[SourceVersionDate "2018.10.10"]
[SourceQuality "1"]
[WhiteTeam "Dunajov"]
[BlackTeam "Nitra"]
[WhiteTeamCountry "SVK"]
[BlackTeamCountry "SVK"]

1. d4 Nf6 2. c4 e6 3. Nc3 Bb4 4. f3 c5 5. d5 exd5 6. cxd5 0-0 7. e4 Re8 8. Nge2 d6 9. g3 Nbd7 10. Bg2 a6 11. a4 c4 12. Be3 Qc7 13. 0-0 Nc5 14. Kh1 h6 15. Qc2 Nb3 16. Ra2 Bd7 17. Nd4 Bc5 18. Qf2 Nxd4 19. Bxd4 Bxd4 20. Qxd4 b5 21. axb5 axb5 22. Rxa8 Rxa8 23. f4 b4 24. Nd1 Bb5 25. Re1 Ra1 26. e5 Nd7 27. Qd2 Ba4 28. Bf3 Nc5 29. exd6 Qxd6 30. Ne3 Nb3 31. Qf2 Rxe1+ 32. Qxe1 Qc5 33. Nf5 c3 34. Qe5 f6 35. Qe6+ Kf8 36. d6 Qa7 37. Bd5 1-0